Pays qui possédaient La Mecque à travers l'histoire - Statistiques

Statistiques générales
  • Ce quiz a été pris 56 fois
  • Le résultat moyen est 4 sur 10
Statistiques - réponses
Période Pays % Correct
1932 - Aujourd'hui Arabie Saoudite
94%
1517 - 1916 Empire Ottoman
74%
1341 - 1517 Sultanat Mamelouk d'Égypte
57%
750 - 909 Califat Abbasside
45%
661 - 750 Califat Omeyyade
45%
909 - 1171 Califat Fatimide
19%
632 - 661 Califat Rachidun
17%
1171 - 1341 Sultanat Ayyubide
11%
1925 - 1932 Royaume du Hejaz et du Nedjd
9%
1916 - 1926 Royaume hachémite du Hejaz
9%
Aucun quiz correspondant
Distribution des résultats
% des personnes avec chaque résultat
Percentile par nombre de réponses
Votre historique - résultats
Vous n’avez pas pris ce quiz